Virtual charades - Statistics

General Stats
  • This quiz has been taken 29 times
  • The average score is 9 of 18
Answer Stats
Picture Answer % Correct
Swimming
96%
Reading
88%
Ballet
80%
Playing chess
80%
Sledding
76%
Watching tv
76%
Playing guitar
72%
Figure skating
60%
Drawing
56%
Climbing a tree
48%
Sleeping
44%
Yelling
32%
Holding a cat
28%
Throwing a javelin
28%
Sucking a lemon
20%
Looking at the ocean
12%
Meditating
12%
Unlocking a car door
4%
No matching quizzes found
Score Distribution
Percent of People with Each Score
Percentile by Number Answered
Your Score History
You have not taken this quiz